| 000 | 00000cam 2200000zi 4500 |
| 001 | 9.960684 |
| 003 | CaOODSP |
| 005 | 20260320113355 |
| 006 | m o d f |
| 007 | cr mn||||||||| |
| 008 | 260306e202603 onca ob f000 0 fre d |
| 020 | |a9780660988283 |
| 040 | |aCaOODSP|bfre|erda|cCaOODSP |
| 043 | |an-cn--- |
| 086 | 1 |aP29-012-001-2026F-PDF |
| 245 | 00|aVitrage de sécurité. |
| 250 | |a[Édition de mars 2026]. |
| 264 | 1|aOttawa (Ontario) : |bOffice des normes générales du Canada : |bConseil canadien des normes, |cmars 2026. |
| 264 | 4|c©2026 |
| 300 | |a1 ressource en ligne (37 pages) : |billustrations. |
| 336 | |atexte|btxt|2rdacontent/fre |
| 337 | |ainformatique|bc|2rdamedia/fre |
| 338 | |aressource en ligne|bcr|2rdacarrier/fre |
| 490 | 1 |aNorme nationale du Canada ; |vCAN/CGSB-12.1-2026 |
| 500 | |a« Remplace CAN/CGSB-12.1-2022. » |
| 500 | |aPublié aussi en anglais sous le titre : Safety glazing. |
| 504 | |aComprend des références bibliographiques (pages 36-37). |
| 520 | |a« La présente Norme nationale du Canada s’applique aux produits verriers qui ont été soumis aux méthodes d’essai décrites ci-après. Ces méthodes d’essai établissent le rendement minimal conçues ayant l’intention de réduire le risque de blessures, comme des coupures ou des perforations, quand des produits verriers sont installés dans des zones d’activité humaine (voir l’annexe A). La présente norme ne traite pas de la résistance, de la durabilité, des caractéristiques de résistance au feu, de l’aspect ou des méthodes d’installation des produits verriers » -- Objet, page 1. |
| 650 | 6|aVitrage|xNormes|zCanada. |
| 710 | 2 |aConseil canadien des normes, |eorganisme de publication. |
| 710 | 2 |aOffice des normes générales du Canada, |eorganisme de publication. |
| 775 | 08|tSafety glazing.|w(CaOODSP)9.960683 |
| 795 | |tVitrage de sécurité.|b[Édition de février 2022]|w(CaOODSP)9.907968 |
| 830 | #0|aNorme nationale du Canada ;|vCAN/CGSB-12.1-2026.|w(CaOODSP)9.504227 |
| 856 | 40|qPDF|s1.45 Mo|uhttps://publications.gc.ca/collections/collection_2026/ongc-cgsb/P29-012-001-2026-fra.pdf |
| 986 | |aICS 81.040.20 |